00000000nam 2200000zi 4500
0019.936240
003CaOODSP
00520250130090814
006m     o  d f      
007cr |n|||||||||
008240322e199412##onc     ob   f|0| 0 eng d
040 |aCaOODSP|beng|erda|cCaOODSP
043 |an-cn---
0861 |aEn14-550/1994E-PDF
24500|aEnvironmental assessment in the Environmental Conservation Program.
264 1|a[Ottawa] : |bEnvironment Canada, |cDecember 1994.
300 |a1 online resource (1 volume (various pagings))
336 |atext|btxt|2rdacontent
337 |acomputer|bc|2rdamedia
338 |aonline resource|bcr|2rdacarrier
500 |aDigitized edition from print [produced by Environment and Climate Change Canada].
504 |aIncludes bibliographical references.
5050 |aCanadian Environmental Assessment Act (CEAA) ; CEAA Regulations (4) ; FEARO's RA"s Guide to CEAA ; Migratory Birds Convention Act (MBCA), 1917 (Amended June, 1994) ; Migratory Birds Regulations ; Migratory Bird Sanctuary Regulations ; Canadian Wildlife Act (CWA), 1973 (Amended June, 1994) ; Wildlife Area Regulations.
650 0|aEnvironmental impact analysis|zCanada.
650 0|aMigratory birds|xConservation|zCanada.
650 0|aWildlife conservation|zCanada.
650 6|aEnvironnement|xÉtudes d'impact|zCanada.
650 6|aOiseaux migrateurs|xConservation|zCanada.
650 6|aFaune|xProtection|zCanada.
7101 |aCanada. |bEnvironment Canada, |eissuing body.
85640|qPDF|s48.70 MB|uhttps://publications.gc.ca/collections/collection_2025/eccc/En14-550-1994-eng.pdf